Hydraulic fill manual for dredging and reclamation works / (Record no. 532047)
[ view plain ]
| 000 -LEADER | |
|---|---|
| fixed length control field | 01312cam a2200325 i 4500 |
| 001 - CONTROL NUMBER | |
| control field | 17530710 |
| 003 - CONTROL NUMBER IDENTIFIER | |
| control field | NUST |
| 005 - DATE AND TIME OF LATEST TRANSACTION | |
| control field | 20191107102518.0 |
| 008 - FIXED-LENGTH DATA ELEMENTS--GENERAL INFORMATION | |
| fixed length control field | 121115s2012 ne a b 001 0 eng |
| 010 ## - LIBRARY OF CONGRESS CONTROL NUMBER | |
| LC control number | 2012032875 |
| 020 ## - INTERNATIONAL STANDARD BOOK NUMBER | |
| International Standard Book Number | 9780415698443 (hardback : alk. paper) |
| 038 ## - RECORD CONTENT LICENSOR | |
| Staff Name | MSOHAIL |
| 040 ## - CATALOGING SOURCE | |
| Original cataloging agency | DLC |
| Language of cataloging | eng |
| Transcribing agency | DLC |
| Description conventions | rda |
| Modifying agency | DLC |
| 042 ## - AUTHENTICATION CODE | |
| Authentication code | pcc |
| 050 00 - LIBRARY OF CONGRESS CALL NUMBER | |
| Classification number | TA750 |
| Item number | .H85 2012 |
| 082 00 - DEWEY DECIMAL CLASSIFICATION NUMBER | |
| Classification number | 627.5 |
| Edition number | 23 |
| 245 00 - TITLE STATEMENT | |
| Title | Hydraulic fill manual for dredging and reclamation works / |
| Statement of responsibility, etc. | editors, Jan van 't Hoff, Van 't Hoff Consultancy B.V., Zeist, The Netherlands, Aart Nooy van der Kolff, Royal Boskalis Westminster, Papendrecht, The Netherlands. |
| 264 #1 - PRODUCTION, PUBLICATION, DISTRIBUTION, MANUFACTURE, AND COPYRIGHT NOTICE | |
| Place of production, publication, distribution, manufacture | Leiden, The Netherlands : |
| Name of producer, publisher, distributor, manufacturer | CRC Press/Balkema, |
| Date of production, publication, distribution, manufacture, or copyright notice | [2012] |
| 300 ## - PHYSICAL DESCRIPTION | |
| Extent | xxx, 642 pages : |
| Other physical details | illustrations ; |
| Dimensions | 25 cm. |
| 336 ## - CONTENT TYPE | |
| Content type term | text |
| Source | rdacontent |
| 337 ## - MEDIA TYPE | |
| Media type term | unmediated |
| Source | rdamedia |
| 338 ## - CARRIER TYPE | |
| Carrier type term | volume |
| Source | rdacarrier |
| 504 ## - BIBLIOGRAPHY, ETC. NOTE | |
| Bibliography, etc. note | Includes bibliographical references and index. |
| 650 #0 - SUBJECT ADDED ENTRY--TOPICAL TERM | |
| Topical term or geographic name entry element | Hydraulic filling. |
| 9 (RLIN) | 25326 |
| 700 1# - ADDED ENTRY--PERSONAL NAME | |
| Personal name | Hoff, Jan van 't. |
| 9 (RLIN) | 25327 |
| 700 1# - ADDED ENTRY--PERSONAL NAME | |
| Personal name | Kolff, Aart Nooy van der. |
| 9 (RLIN) | 25328 |
| 906 ## - LOCAL DATA ELEMENT F, LDF (RLIN) | |
| a | 7 |
| b | cbc |
| c | orignew |
| d | 1 |
| e | ecip |
| f | 20 |
| g | y-gencatlg |
| 942 ## - ADDED ENTRY ELEMENTS (KOHA) | |
| Source of classification or shelving scheme | |
| Koha item type | Book |
| Withdrawn status | Lost status | Source of classification or shelving scheme | Damaged status | Not for loan | Permanent Location | Current Location | Date acquired | Total Checkouts | Full call number | Barcode | Date last seen | Price effective from | Koha item type |
|---|---|---|---|---|---|---|---|---|---|---|---|---|---|
| School of Civil and Environmental Engineering (SCEE) | School of Civil and Environmental Engineering (SCEE) | 11/07/2019 | 627.5 | NIT-11955 | 11/07/2019 | 11/07/2019 | Book |
